Decision making : an integrated approach : lecturer's guide

Saved in:
Bibliographic Details
Main Author: Jennings, David
Other Authors: Wattam, Stuart
Format: Book
Language:English
Published: London : Pitman publishing, 1994
Tags: Add Tag
No Tags, Be the first to tag this record!

MARC

LEADER 00000nam a2200000 i 4500
001 1/46336
008 950619s1994 eng d
020 |a 0-273-60452-X 
035 |a 1995  |c ΠΑΠΑΔΟΠΟΥΛΟΣ  |l 10042770 
040 |a GR-MY-UA  |b gre  |e aacr 
041 0 |a eng 
082 0 |a 658.403 
100 1 |a Jennings, David. 
245 1 0 |a Decision making :  |b an integrated approach : lecturer's guide /  |c David Jennings and Stuart Wattam 
260 |a London :   |b Pitman publishing,   |c 1994 
300 |a 69 p.;  |c 30 cm. 
700 1 |a Wattam, Stuart. 
852 |a INST  |b SAMOS  |e 19950619  |h 658.403 JEN  |p 005300005596  |q 005300005596  |t BK  |y 0 
909 |a Σ  |b 039114